00318 2200133 4500245003700000020002200037250001100059100001500070650001700085005001900102260004100121041001400162084000800176 aTulisan SastracTenderlovahText a978-623-289-095-4 aCet. 1 aTenderlova aFiksi Remaja a20250915110455 aJawa BaratbLovRinz Publishingc2020 aIndonesia a800